[Event "2024 National Middle School Championship"]
[Site "Atlanta, Georgia, United States"]
[Date "2024.05.10"]
[Round "1.10"]
[White "Kaul, Krrish"]
[Black "Rao, Anjaneya Sripathy"]
[Result "0-1"]
[TimeControl "G/90;d10"]
[WhiteElo "1724"]
[BlackElo "2182"]

1. d4 {[%clk 01:30:00]} {[%emt 00:00:05]} d5 {[%clk 01:30:00]} {[%emt
00:00:11]} 2. c4 {[%clk 01:30:00]} {[%emt 00:00:06]} e6 {[%clk 01:30:00]}
{[%emt 00:00:06]} 3. Nc3 {[%clk 01:30:00]} {[%emt 00:00:06]} Nf6 {[%clk
01:30:00]} {[%emt 00:00:07]} 4. cxd5 {[%clk 01:30:00]} {[%emt 00:00:07]} exd5
{[%clk 01:30:00]} {[%emt 00:00:05]} 5. Bg5 {[%clk 01:30:00]} {[%emt 00:00:09]}
c6 {[%clk 01:30:00]} {[%emt 00:00:05]} 6. e3 {[%clk 01:30:00]} {[%emt
00:00:07]} Be7 {[%clk 01:30:00]} {[%emt 00:00:04]} 7. Bd3 {[%clk 01:30:00]}
{[%emt 00:00:09]} Nbd7 {[%clk 01:30:00]} {[%emt 00:00:07]} 8. Nge2 {[%clk
01:30:00]} {[%emt 00:00:11]} O-O {[%clk 01:29:56]} {[%emt 00:00:13]} 9. O-O
{[%clk 01:30:00]} {[%emt 00:00:07]} Re8 {[%clk 01:29:52]} {[%emt 00:00:13]} 10.
f3 {[%clk 01:27:36]} {[%emt 00:02:34]} Nf8 {[%clk 01:26:32]} {[%emt 00:03:29]}
11. Qd2 {[%clk 01:26:52]} {[%emt 00:00:55]} Ne6 {[%clk 01:17:03]} {[%emt
00:09:40]} 12. Bh4 {[%clk 01:25:09]} {[%emt 00:01:52]} b6 {[%clk 01:14:27]}
{[%emt 00:02:47]} 13. Rae1 {[%clk 01:23:52]} {[%emt 00:01:26]} Ne4 {[%clk
01:10:53]} {[%emt 00:03:45]} 14. fxe4 {[%clk 01:22:02]} {[%emt 00:02:00]} Bxh4
{[%clk 01:10:53]} {[%emt 00:00:09]} 15. g3 {[%clk 01:21:37]} {[%emt 00:00:35]}
Be7 {[%clk 01:04:59]} {[%emt 00:06:03]} 16. e5 {[%clk 01:19:51]} {[%emt
00:01:57]} f6 {[%clk 01:03:48]} {[%emt 00:01:20]} 17. exf6 {[%clk 01:13:28]}
{[%emt 00:06:34]} Bxf6 {[%clk 01:03:48]} {[%emt 00:00:03]} 18. Qc2 {[%clk
01:12:06]} {[%emt 00:01:31]} h6 {[%clk 00:57:15]} {[%emt 00:06:42]} 19. Kg2
{[%clk 01:07:51]} {[%emt 00:04:27]} c5 {[%clk 00:51:26]} {[%emt 00:05:59]} 20.
Nxd5 {[%clk 01:03:31]} {[%emt 00:04:30]} Qxd5+ {[%clk 00:49:20]} {[%emt
00:02:15]} 21. Be4 {[%clk 01:02:30]} {[%emt 00:01:12]} Qh5 {[%clk 00:32:56]}
{[%emt 00:16:33]} 22. Bf3 {[%clk 00:52:26]} {[%emt 00:10:15]} Qh3+ {[%clk
00:32:06]} {[%emt 00:00:59]} 23. Kh1 {[%clk 00:50:18]} {[%emt 00:02:15]} Rb8
{[%clk 00:27:36]} {[%emt 00:04:44]} 24. Ng1 {[%clk 00:49:32]} {[%emt 00:00:53]}
Nxd4 {[%clk 00:21:10]} {[%emt 00:06:39]} 25. exd4 {[%clk 00:39:23]} {[%emt
00:10:19]} Qd7 {[%clk 00:20:21]} {[%emt 00:00:58]} 26. dxc5 {[%clk 00:37:50]}
{[%emt 00:01:44]} bxc5 {[%clk 00:17:16]} {[%emt 00:03:15]} 27. Qxc5 {[%clk
00:35:40]} {[%emt 00:02:19]} Rxb2 {[%clk 00:09:36]} {[%emt 00:07:51]} 28. Bc6
{[%clk 00:32:56]} {[%emt 00:02:53]} Bb7 {[%clk 00:09:25]} {[%emt 00:00:22]} 29.
Rxe8+ {[%clk 00:27:50]} {[%emt 00:05:16]} Qxe8 {[%clk 00:09:25]} {[%emt
00:00:06]} 30. Bxb7 {[%clk 00:27:10]} {[%emt 00:00:50]} Rxb7 {[%clk 00:09:25]}
{[%emt 00:00:03]} 31. Kg2 {[%clk 00:25:48]} {[%emt 00:01:30]} Qe4+ {[%clk
00:07:43]} {[%emt 00:01:54]} 32. Nf3 {[%clk 00:25:02]} {[%emt 00:00:54]} g5
{[%clk 00:02:11]} {[%emt 00:05:44]} 33. h3 {[%clk 00:24:31]} {[%emt 00:00:40]}
h5 {[%clk 00:01:59]} {[%emt 00:00:22]} 34. Qc8+ {[%clk 00:24:29]} {[%emt
00:00:13]} Kg7 {[%clk 00:01:55]} {[%emt 00:00:14]} 35. g4 {[%clk 00:24:27]}
{[%emt 00:00:03]} Bd4 {[%clk 00:01:01]} {[%emt 00:01:13]} 36. Qc4 {[%clk
00:21:00]} {[%emt 00:03:35]} Rb2+ {[%clk 00:00:24]} {[%emt 00:00:48]} 37. Kh1
{[%clk 00:20:50]} {[%emt 00:00:19]} Rb1 {[%clk 00:00:24]} {[%emt 00:00:07]} 38.
Rxb1 {[%clk 00:15:37]} {[%emt 00:05:22]} Qxf3+ {[%clk 00:00:19]} {[%emt
00:00:15]} 39. Kh2 {[%clk 00:15:14]} {[%emt 00:00:30]} Qf4+ {[%clk 00:00:19]}
{[%emt 00:00:06]} 40. Kg2 {[%clk 00:13:02]} {[%emt 00:02:22]} Qe4+ {[%clk
00:00:19]} {[%emt 00:00:02]} 41. Kf1 {[%clk 00:12:51]} {[%emt 00:00:16]} Qf3+
{[%clk 00:00:17]} {[%emt 00:00:17]} 42. Ke1 {[%clk 00:08:36]} {[%emt 00:04:26]}
Bc3+ {[%clk 00:00:17]} {[%emt 00:00:03]} 43. Qxc3+ {[%clk 00:08:26]} {[%emt
00:00:20]} Qxc3+ {[%clk 00:00:17]} {[%emt 00:00:04]} 44. Kd1 {[%clk 00:08:21]}
{[%emt 00:00:15]} Qxh3 {[%clk 00:00:17]} {[%emt 00:00:07]} 45. gxh5 {[%clk
00:07:59]} {[%emt 00:00:32]} Qd3+ {[%clk 00:00:11]} {[%emt 00:00:16]} 46. Kc1
{[%clk 00:07:35]} {[%emt 00:00:34]} Qxb1+ {[%clk 00:00:11]} {[%emt 00:00:08]}
47. Kxb1 {[%clk 00:06:57]} {[%emt 00:00:47]} g4 {[%clk 00:00:11]} {[%emt
00:00:03]} 48. h6+ {[%clk 00:06:32]} {[%emt 00:00:36]} Kxh6 {[%clk 00:00:11]}
{[%emt 00:00:03]} 49. Kb2 {[%clk 00:06:25]} {[%emt 00:00:16]} g3 {[%clk
00:00:11]} {[%emt 00:00:03]} 50. a4 {[%clk 00:06:21]} {[%emt 00:00:15]} g2
{[%clk 00:00:11]} {[%emt 00:00:04]} 51. a5 {[%clk 00:06:21]} {[%emt 00:00:08]}
g1=Q {[%clk 00:00:11]} {[%emt 00:00:06]} 52. a6 {[%clk 00:06:16]} {[%emt
00:00:15]} Qb6+ {[%clk 00:00:11]} {[%emt 00:00:04]} 53. Kc2 {[%clk 00:05:55]}
{[%emt 00:00:31]} Qxa6 {[%clk 00:00:11]} {[%emt 00:00:04]} 54. Kc3 {[%clk
00:05:49]} {[%emt 00:00:15]} Qb5 {[%clk 00:00:11]} {[%emt 00:00:05]} 55. Kd4
{[%clk 00:05:29]} {[%emt 00:00:30]} a5 {[%clk 00:00:11]} {[%emt 00:00:03]} 56.
Ke4 {[%clk 00:05:27]} {[%emt 00:00:12]} a4 {[%clk 00:00:11]} {[%emt 00:00:04]}
57. Kf4 {[%clk 00:05:27]} {[%emt 00:00:10]} a3 {[%clk 00:00:11]} {[%emt
00:00:04]} 58. Ke4 {[%clk 00:05:27]} {[%emt 00:00:07]} a2 {[%clk 00:00:11]}
{[%emt 00:00:04]} 59. Kf4 {[%clk 00:05:27]} {[%emt 00:00:06]} a1=Q {[%clk
00:00:11]} {[%emt 00:00:07]} 60. Ke4 {[%clk 00:05:27]} {[%emt 00:00:05]} Qae5+
{[%clk 00:00:11]} {[%emt 00:00:05]} 61. Kf3 {[%clk 00:05:21]} {[%emt 00:00:15]}
Qbe2# {[%clk 00:00:11]} {[%emt 00:00:04]} 0-1

[Event "2024 National Middle School Championship"]
[Site "Atlanta, Georgia, United States"]
[Date "2024.05.10"]
[Round "1.11"]
[White "Vemparala, Nikash"]
[Black "Austin, Freya"]
[Result "1-0"]
[TimeControl "G/90;d10"]
[WhiteElo "2171"]
[BlackElo "1724"]

1. e4 {[%clk 01:30:00]} {[%emt 00:00:01]} c5 {[%clk 01:30:00]} {[%emt
00:00:09]} 2. Nf3 {[%clk 01:30:00]} {[%emt 00:00:04]} Nc6 {[%clk 01:29:58]}
{[%emt 00:00:13]} 3. Bb5 {[%clk 01:30:00]} {[%emt 00:00:05]} g6 {[%clk
01:29:55]} {[%emt 00:00:14]} 4. Bxc6 {[%clk 01:30:00]} {[%emt 00:00:03]} bxc6
{[%clk 01:29:52]} {[%emt 00:00:13]} 5. O-O {[%clk 01:29:58]} {[%emt 00:00:11]}
Bg7 {[%clk 01:29:51]} {[%emt 00:00:13]} 6. Re1 {[%clk 01:29:58]} {[%emt
00:00:04]} Nf6 {[%clk 01:29:42]} {[%emt 00:00:19]} 7. e5 {[%clk 01:29:58]}
{[%emt 00:00:04]} Nd5 {[%clk 01:29:38]} {[%emt 00:00:14]} 8. c4 {[%clk
01:29:58]} {[%emt 00:00:08]} Nb6 {[%clk 01:28:31]} {[%emt 00:01:17]} 9. d4
{[%clk 01:29:58]} {[%emt 00:00:09]} cxd4 {[%clk 01:25:00]} {[%emt 00:03:42]} 10.
c5 {[%clk 01:29:58]} {[%emt 00:00:08]} Nd5 {[%clk 01:24:28]} {[%emt 00:00:42]}
11. Qxd4 {[%clk 01:29:58]} {[%emt 00:00:06]} O-O {[%clk 01:23:39]} {[%emt
00:00:59]} 12. Nc3 {[%clk 01:28:41]} {[%emt 00:01:26]} Nxc3 {[%clk 01:18:39]}
{[%emt 00:05:11]} 13. Qxc3 {[%clk 01:28:41]} {[%emt 00:00:06]} Qc7 {[%clk
01:11:36]} {[%emt 00:07:13]} 14. Bf4 {[%clk 01:27:20]} {[%emt 00:01:30]} d6
{[%clk 01:06:27]} {[%emt 00:05:20]} 15. cxd6 {[%clk 01:26:19]} {[%emt
00:01:11]} exd6 {[%clk 01:06:23]} {[%emt 00:00:14]} 16. Rac1 {[%clk 01:25:44]}
{[%emt 00:00:44]} Bb7 {[%clk 00:58:35]} {[%emt 00:07:59]} 17. Qc4 {[%clk
01:22:53]} {[%emt 00:03:00]} d5 {[%clk 00:49:52]} {[%emt 00:08:54]} 18. Qxd5
{[%clk 01:21:24]} {[%emt 00:01:38]} Rad8 {[%clk 00:47:54]} {[%emt 00:02:09]} 19.
Qc4 {[%clk 01:21:00]} {[%emt 00:00:33]} Qa5 {[%clk 00:33:53]} {[%emt 00:14:12]}
20. e6 {[%clk 01:19:34]} {[%emt 00:01:37]} fxe6 {[%clk 00:25:22]} {[%emt
00:08:40]} 21. Qxe6+ {[%clk 01:18:53]} {[%emt 00:00:50]} Kh8 {[%clk 00:24:29]}
{[%emt 00:01:04]} 22. Be5 {[%clk 01:16:49]} {[%emt 00:02:13]} Rde8 {[%clk
00:18:30]} {[%emt 00:06:10]} 23. Bxg7+ {[%clk 01:16:43]} {[%emt 00:00:16]} Kxg7
{[%clk 00:18:30]} {[%emt 00:00:06]} 24. Qd7+ {[%clk 01:16:43]} {[%emt
00:00:07]} 1-0

[Event "2024 National Middle School Championship"]
[Site "Atlanta, Georgia, United States"]
[Date "2024.05.10"]
[Round "1.12"]
[White "Bellur, Ashton"]
[Black "Shangin, Lev"]
[Result "0-1"]
[TimeControl "G/90;d10"]
[WhiteElo "1724"]
[BlackElo "2170"]

1. e4 {[%clk 01:30:00]} {[%emt 00:00:04]} c5 {[%clk 01:30:00]} {[%emt
00:00:06]} 2. c3 {[%clk 01:30:00]} {[%emt 00:00:05]} Nf6 {[%clk 01:29:50]}
{[%emt 00:00:19]} 3. e5 {[%clk 01:29:53]} {[%emt 00:00:18]} Nd5 {[%clk
01:29:34]} {[%emt 00:00:26]} 4. d4 {[%clk 01:29:45]} {[%emt 00:00:19]} cxd4
{[%clk 01:29:24]} {[%emt 00:00:19]} 5. cxd4 {[%clk 01:29:41]} {[%emt 00:00:15]}
d6 {[%clk 01:29:16]} {[%emt 00:00:17]} 6. Nf3 {[%clk 01:29:38]} {[%emt
00:00:14]} Nc6 {[%clk 01:29:16]} {[%emt 00:00:10]} 7. Bc4 {[%clk 01:29:38]}
{[%emt 00:00:09]} dxe5 {[%clk 01:29:16]} {[%emt 00:00:05]} 8. dxe5 {[%clk
01:29:30]} {[%emt 00:00:18]} Be6 {[%clk 01:29:16]} {[%emt 00:00:04]} 9. Qe2
{[%clk 01:27:48]} {[%emt 00:01:51]} Qa5+ {[%clk 01:24:58]} {[%emt 00:04:28]} 10.
Bd2 {[%clk 01:25:59]} {[%emt 00:02:00]} Qb6 {[%clk 01:23:53]} {[%emt 00:01:15]}
11. Bxd5 {[%clk 01:23:47]} {[%emt 00:02:22]} Bxd5 {[%clk 01:23:48]} {[%emt
00:00:14]} 12. Bc3 {[%clk 01:23:35]} {[%emt 00:00:23]} e6 {[%clk 01:22:21]}
{[%emt 00:01:37]} 13. O-O {[%clk 01:22:08]} {[%emt 00:01:37]} Be7 {[%clk
01:20:09]} {[%emt 00:02:22]} 14. Re1 {[%clk 01:20:07]} {[%emt 00:02:11]} O-O
{[%clk 01:20:06]} {[%emt 00:00:14]} 15. Nbd2 {[%clk 01:11:32]} {[%emt
00:08:46]} Rac8 {[%clk 01:15:18]} {[%emt 00:04:57]} 16. Ne4 {[%clk 01:08:46]}
{[%emt 00:02:57]} Rfd8 {[%clk 01:11:36]} {[%emt 00:03:51]} 17. a3 {[%clk
00:52:59]} {[%emt 00:15:57]} Na5 {[%clk 01:08:35]} {[%emt 00:03:11]} 18. Nfg5
{[%clk 00:49:13]} {[%emt 00:03:55]} h6 {[%clk 00:58:50]} {[%emt 00:09:55]} 19.
Nf6+ {[%clk 00:48:10]} {[%emt 00:01:14]} Bxf6 {[%clk 00:54:19]} {[%emt
00:04:41]} 20. exf6 {[%clk 00:46:34]} {[%emt 00:01:46]} Rxc3 {[%clk 00:49:52]}
{[%emt 00:04:38]} 21. bxc3 {[%clk 00:46:21]} {[%emt 00:00:22]} hxg5 {[%clk
00:49:52]} {[%emt 00:00:07]} 22. fxg7 {[%clk 00:45:34]} {[%emt 00:00:58]} Kxg7
{[%clk 00:49:44]} {[%emt 00:00:18]} 23. Rab1 {[%clk 00:44:08]} {[%emt
00:01:37]} Qc7 {[%clk 00:45:16]} {[%emt 00:04:36]} 24. Qe3 {[%clk 00:42:40]}
{[%emt 00:01:39]} Qf4 {[%clk 00:44:41]} {[%emt 00:00:44]} 25. Qxa7 {[%clk
00:41:20]} {[%emt 00:01:30]} Nc4 {[%clk 00:40:24]} {[%emt 00:04:26]} 26. Rbd1
{[%clk 00:39:24]} {[%emt 00:02:08]} Qg4 {[%clk 00:36:56]} {[%emt 00:03:37]} 27.
Qd4+ {[%clk 00:38:32]} {[%emt 00:01:02]} Qxd4 {[%clk 00:36:56]} {[%emt
00:00:03]} 28. Rxd4 {[%clk 00:38:15]} {[%emt 00:00:26]} Ra8 {[%clk 00:36:35]}
{[%emt 00:00:31]} 29. Ra1 {[%clk 00:35:41]} {[%emt 00:02:45]} Rxa3 {[%clk
00:35:29]} {[%emt 00:01:16]} 30. Rxa3 {[%clk 00:35:30]} {[%emt 00:00:21]} Nxa3
{[%clk 00:35:29]} {[%emt 00:00:06]} 31. h4 {[%clk 00:35:30]} {[%emt 00:00:04]}
gxh4 {[%clk 00:35:29]} {[%emt 00:00:06]} 32. Rxh4 {[%clk 00:35:30]} {[%emt
00:00:09]} Nc4 {[%clk 00:34:11]} {[%emt 00:01:28]} 33. Rd4 {[%clk 00:35:16]}
{[%emt 00:00:24]} b5 {[%clk 00:33:42]} {[%emt 00:00:39]} 34. f4 {[%clk
00:34:41]} {[%emt 00:00:43]} Kf6 {[%clk 00:33:23]} {[%emt 00:00:31]} 35. Kf2
{[%clk 00:33:04]} {[%emt 00:01:47]} Nb6 {[%clk 00:32:16]} {[%emt 00:01:18]} 36.
Rb4 {[%clk 00:31:54]} {[%emt 00:01:19]} Bc4 {[%clk 00:32:01]} {[%emt 00:00:25]}
37. g4 {[%clk 00:31:37]} {[%emt 00:00:27]} Nd5 {[%clk 00:31:56]} {[%emt
00:00:15]} 38. Kf3 {[%clk 00:30:52]} {[%emt 00:00:55]} 0-1

[Event "2024 National Middle School Championship"]
[Site "Atlanta, Georgia, United States"]
[Date "2024.05.10"]
[Round "1.13"]
[White "Moorhouse, Will"]
[Black "Kannan, Vijay"]
[Result "1-0"]
[TimeControl "G/90;d10"]
[WhiteElo "2162"]
[BlackElo "1722"]

1. e4 {[%clk 01:27:44]} {[%emt 00:02:25]} e5 {[%clk 01:30:00]} {[%emt
00:00:06]} 2. Nf3 {[%clk 01:27:33]} {[%emt 00:00:21]} Nf6 {[%clk 01:29:53]}
{[%emt 00:00:18]} 3. Nc3 {[%clk 01:27:27]} {[%emt 00:00:15]} Nc6 {[%clk
01:29:09]} {[%emt 00:00:54]} 4. a3 {[%clk 01:24:53]} {[%emt 00:02:45]} a6
{[%clk 01:27:39]} {[%emt 00:01:39]} 5. d4 {[%clk 01:24:50]} {[%emt 00:00:13]}
exd4 {[%clk 01:16:38]} {[%emt 00:11:11]} 6. Nxd4 {[%clk 01:24:50]} {[%emt
00:00:07]} d6 {[%clk 01:05:02]} {[%emt 00:11:47]} 7. Bc4 {[%clk 01:20:31]}
{[%emt 00:04:30]} g6 {[%clk 01:02:09]} {[%emt 00:03:02]} 8. Nxc6 {[%clk
01:13:01]} {[%emt 00:07:41]} bxc6 {[%clk 01:02:06]} {[%emt 00:00:12]} 9. e5
{[%clk 01:13:01]} {[%emt 00:00:06]} Qe7 {[%clk 00:51:03]} {[%emt 00:11:12]} 10.
O-O {[%clk 01:12:44]} {[%emt 00:00:27]} dxe5 {[%clk 00:44:48]} {[%emt
00:06:25]} 11. Bg5 {[%clk 01:09:50]} {[%emt 00:03:03]} h6 {[%clk 00:40:09]}
{[%emt 00:04:50]} 12. Qf3 {[%clk 01:08:48]} {[%emt 00:01:13]} hxg5 {[%clk
00:36:51]} {[%emt 00:03:29]} 13. Qxc6+ {[%clk 01:08:48]} {[%emt 00:00:03]} Nd7
{[%clk 00:33:36]} {[%emt 00:03:24]} 14. Qxa8 {[%clk 01:06:25]} {[%emt
00:02:33]} Nb6 {[%clk 00:31:08]} {[%emt 00:02:38]} 15. Qc6+ {[%clk 01:01:12]}
{[%emt 00:05:23]} Qd7 {[%clk 00:31:03]} {[%emt 00:00:15]} 16. Qxd7+ {[%clk
00:59:28]} {[%emt 00:01:53]} Nxd7 {[%clk 00:31:03]} {[%emt 00:00:07]} 17. Rfe1
{[%clk 00:57:04]} {[%emt 00:02:35]} Bg7 {[%clk 00:27:55]} {[%emt 00:03:18]} 18.
Nd5 {[%clk 00:56:26]} {[%emt 00:00:47]} Nb6 {[%clk 00:23:03]} {[%emt 00:05:02]}
19. Bb3 {[%clk 00:50:34]} {[%emt 00:06:03]} Nxd5 {[%clk 00:21:41]} {[%emt
00:01:32]} 20. Bxd5 {[%clk 00:50:34]} {[%emt 00:00:02]} O-O {[%clk 00:20:43]}
{[%emt 00:01:07]} 21. Rad1 {[%clk 00:49:04]} {[%emt 00:01:40]} Bf5 {[%clk
00:18:26]} {[%emt 00:02:27]} 22. Be4 {[%clk 00:46:14]} {[%emt 00:02:59]} Be6
{[%clk 00:14:03]} {[%emt 00:04:34]} 23. Re3 {[%clk 00:44:15]} {[%emt 00:02:09]}
f5 {[%clk 00:11:59]} {[%emt 00:02:15]} 24. Bd5 {[%clk 00:43:47]} {[%emt
00:00:37]} Bxd5 {[%clk 00:11:18]} {[%emt 00:00:51]} 25. Rxd5 {[%clk 00:43:47]}
{[%emt 00:00:02]} e4 {[%clk 00:11:18]} {[%emt 00:00:06]} 26. b3 {[%clk
00:42:15]} {[%emt 00:01:41]} Re8 {[%clk 00:05:11]} {[%emt 00:06:18]} 27. f3
{[%clk 00:40:11]} {[%emt 00:02:14]} c5 {[%clk 00:03:35]} {[%emt 00:01:47]} 28.
c3 {[%clk 00:36:09]} {[%emt 00:04:11]} Rb8 {[%clk 00:01:35]} {[%emt 00:02:10]}
29. b4 {[%clk 00:34:13]} {[%emt 00:02:07]} cxb4 {[%clk 00:01:35]} {[%emt
00:00:03]} 30. axb4 {[%clk 00:28:03]} {[%emt 00:06:19]} exf3 {[%clk 00:00:57]}
{[%emt 00:00:48]} 31. Rxf3 {[%clk 00:27:07]} {[%emt 00:01:06]} Rc8 {[%clk
00:00:51]} {[%emt 00:00:15]} 32. Rc5 {[%clk 00:25:55]} {[%emt 00:01:23]} Rb8
{[%clk 00:00:51]} {[%emt 00:00:02]} 33. Kf1 {[%clk 00:25:14]} {[%emt 00:00:50]}
Rb6 {[%clk 00:00:42]} {[%emt 00:00:21]} 34. Rd3 {[%clk 00:24:24]} {[%emt
00:00:59]} Rb8 {[%clk 00:00:14]} {[%emt 00:00:39]} 35. Rd7 {[%clk 00:23:32]}
{[%emt 00:01:01]} 1-0

[Event "2024 National Middle School Championship"]
[Site "Atlanta, Georgia, United States"]
[Date "2024.05.10"]
[Round "1.14"]
[White "Naushad, Ibraheem"]
[Black "Williams, Oscar Izzy"]
[Result "0-1"]
[TimeControl "G/90;d10"]
[WhiteElo "1722"]
[BlackElo "2160"]

1. e4 {[%clk 01:30:00]} {[%emt 00:00:02]} c5 {[%clk 01:30:00]} {[%emt
00:00:06]} 2. Nf3 {[%clk 01:30:00]} {[%emt 00:00:03]} d6 {[%clk 01:30:00]}
{[%emt 00:00:04]} 3. Bb5+ {[%clk 01:30:00]} {[%emt 00:00:03]} Nd7 {[%clk
01:30:00]} {[%emt 00:00:06]} 4. O-O {[%clk 01:30:00]} {[%emt 00:00:03]} a6
{[%clk 01:30:00]} {[%emt 00:00:06]} 5. Bd3 {[%clk 01:30:00]} {[%emt 00:00:03]}
Ngf6 {[%clk 01:30:00]} {[%emt 00:00:08]} 6. Re1 {[%clk 01:30:00]} {[%emt
00:00:05]} Ne5 {[%clk 01:27:22]} {[%emt 00:02:49]} 7. Nxe5 {[%clk 01:28:04]}
{[%emt 00:02:06]} dxe5 {[%clk 01:27:16]} {[%emt 00:00:17]} 8. h3 {[%clk
01:25:30]} {[%emt 00:02:43]} e6 {[%clk 01:23:51]} {[%emt 00:03:35]} 9. Bf1
{[%clk 01:23:45]} {[%emt 00:01:54]} Bd7 {[%clk 01:19:21]} {[%emt 00:04:41]} 10.
c3 {[%clk 01:22:07]} {[%emt 00:01:48]} Bc6 {[%clk 01:18:01]} {[%emt 00:01:30]}
11. d3 {[%clk 01:19:55]} {[%emt 00:02:22]} c4 {[%clk 01:14:40]} {[%emt
00:03:31]} 12. Bg5 {[%clk 01:16:49]} {[%emt 00:03:15]} Bc5 {[%clk 01:09:11]}
{[%emt 00:05:41]} 13. a4 {[%clk 01:12:21]} {[%emt 00:04:38]} Qb6 {[%clk
01:02:09]} {[%emt 00:07:12]} 14. Qc2 {[%clk 01:10:40]} {[%emt 00:01:48]} cxd3
{[%clk 00:46:24]} {[%emt 00:15:58]} 15. Bxd3 {[%clk 01:10:24]} {[%emt
00:00:25]} Rd8 {[%clk 00:44:49]} {[%emt 00:01:45]} 16. Be3 {[%clk 01:02:38]}
{[%emt 00:07:55]} Bxe3 {[%emt 00:03:36]} 17. Rxe3 {[%clk 01:01:21]} {[%emt
00:00:23]} O-O {[%clk 00:38:16]} {[%emt 00:04:22]} 18. Nd2 {[%clk 00:53:00]}
{[%emt 00:08:30]} Rd7 {[%clk 00:36:50]} {[%emt 00:01:37]} 19. Nf1 {[%clk
00:30:47]} {[%emt 00:22:23]} Rfd8 {[%clk 00:35:29]} {[%emt 00:01:31]} 20. Ng3
{[%clk 00:30:03]} {[%emt 00:00:46]} h5 {[%clk 00:29:11]} {[%emt 00:06:36]} 21.
Qe2 {[%clk 00:26:33]} {[%emt 00:03:34]} h4 {[%clk 00:27:33]} {[%emt 00:01:54]}
22. Nf1 {[%clk 00:26:33]} {[%emt 00:00:07]} g6 {[%clk 00:26:21]} {[%emt
00:01:23]} 23. a5 {[%clk 00:23:17]} {[%emt 00:03:26]} Qc5 {[%clk 00:25:47]}
{[%emt 00:00:44]} 24. Ra3 {[%clk 00:13:51]} {[%emt 00:09:35]} Nh5 {[%clk
00:24:40]} {[%emt 00:01:18]} 25. b4 {[%clk 00:12:52]} {[%emt 00:01:09]} Qe7
{[%clk 00:23:26]} {[%emt 00:01:23]} 26. g3 {[%clk 00:11:46]} {[%emt 00:01:16]}
Qg5 {[%clk 00:20:28]} {[%emt 00:03:09]} 27. Kh2 {[%clk 00:10:56]} {[%emt
00:01:00]} Kg7 {[%clk 00:16:41]} {[%emt 00:03:58]} 28. Bc2 {[%clk 00:09:11]}
{[%emt 00:01:54]} Nf6 {[%clk 00:12:48]} {[%emt 00:04:03]} 29. c4 {[%clk
00:07:01]} {[%emt 00:02:20]} hxg3+ {[%clk 00:10:11]} {[%emt 00:02:47]} 30. fxg3
{[%clk 00:06:21]} {[%emt 00:00:49]} Rh8 {[%clk 00:06:41]} {[%emt 00:03:40]} 31.
Rad3 {[%clk 00:04:31]} {[%emt 00:02:00]} Ng4+ {[%clk 00:05:19]} {[%emt
00:01:32]} 32. Kg2 {[%clk 00:03:50]} {[%emt 00:00:50]} Nxe3+ {[%clk 00:05:19]}
{[%emt 00:00:10]} 33. Rxe3 {[%clk 00:03:38]} {[%emt 00:00:22]} Rc7 {[%clk
00:03:35]} {[%emt 00:01:55]} 34. Rf3 {[%clk 00:02:37]} {[%emt 00:01:11]} Qc1
{[%clk 00:02:16]} {[%emt 00:01:29]} 35. Qf2 {[%clk 00:02:17]} {[%emt 00:00:29]}
f5 {[%clk 00:02:04]} {[%emt 00:00:24]} 36. Ne3 {[%clk 00:01:32]} {[%emt
00:00:53]} Rxh3 {[%clk 00:01:18]} {[%emt 00:00:57]} 37. Kxh3 {[%clk 00:01:27]}
{[%emt 00:00:15]} Qh1+ {[%clk 00:01:18]} {[%emt 00:00:02]} 38. Qh2 {[%clk
00:01:14]} {[%emt 00:00:24]} Qxf3 {[%clk 00:01:18]} {[%emt 00:00:02]} 39. Qd2
{[%clk 00:00:54]} {[%emt 00:00:30]} Rc8 {[%clk 00:01:07]} {[%emt 00:00:22]} 40.
Nxf5+ {[%clk 00:00:10]} {[%emt 00:00:53]} exf5 {[%clk 00:00:41]} {[%emt
00:00:36]} 41. Kh2 {[%clk 00:00:00]} {[%emt 00:00:35]} 0-1